ONE ISLAM, MANY MUSLIM WORLDS (Record no. 28254)

MARC details
000 -LEADER
fixed length control field 00305nam a22001337a 4500
003 - CONTROL NUMBER IDENTIFIER
control field SGT
020 ## - INTERNATIONAL STANDARD BOOK NUMBER
International Standard Book Number 9780199848474
082 ## - DEWEY DECIMAL CLASSIFICATION NUMBER
Classification number 294.09
Item number O15B
100 ## - MAIN ENTRY--PERSONAL NAME
Personal name BAKER, RAYMOND WILLIAM
245 ## - TITLE STATEMENT
Title ONE ISLAM, MANY MUSLIM WORLDS
260 ## - PUBLICATION, DISTRIBUTION, ETC. (IMPRINT)
Name of publisher, distributor, etc OXFORD UNIVERSITY PRESS
Year of Publication 2015
300 ## - PAGE DESCRIPTION
No. of Pages 375
942 ## - ADDED ENTRY ELEMENTS (KOHA)
Source of classification or shelving scheme Dewey Decimal Classification
Koha item type Books
Holdings
Withdrawn status Lost status Source of classification or shelving scheme Damaged status Not for loan Home library Current library Shelving location Date acquired SGTU Total Checkouts Full call number Accession No. (Barcode) Date last seen Bill Date Koha item type
    Dewey Decimal Classification   Not For Loan SGT Chancellor's Library SGT Chancellor's Library Reference Book 19/12/2024 SGTU   294.09 O15B CH1205 19/12/2024 19/12/2024 Books